MARC

LEADER 00000nam0a2200000 4500
001 352095
005 20231102010451.0
010 |a 5256010999 
035 |a (RuTPU)RU\TPU\retro\8303 
035 |a RU\TPU\book\82107 
090 |a 352095 
100 |a 20191119d1994 km y0rusy50 ca 
101 0 |a rus 
102 |a RU 
105 |a a g 001zy 
200 1 |a Руководство по работе на персональном компьютере  |f А. В. Шкаев 
205 |a 2-е изд., перераб. и доп. 
210 |a Москва  |c Радио и связь  |d 1994 
215 |a 236 с.  |c ил. 
320 |a Библиогр.: с. 235-237 
320 |a Англо-русский словарь: с. 132-234 
606 1 |a Компьютеры персональные  |2 stltpush  |3 (RuTPU)RU\TPU\subj\15186  |9 41451 
610 1 |a сервисные программы 
610 1 |a программные системы 
610 1 |a справочники 
610 1 |a операционные системы 
610 1 |a Windows 
610 1 |a Norton Utilities 
610 1 |a Norton Commander 
610 1 |a табличные процессоры 
610 1 |a архиваторы 
610 1 |a текстовые редакторы 
610 1 |a графические редакторы 
675 |a 681.322-181.4(035)  |v 3 
700 1 |a Шкаев  |b А. В.  |g Александр Владимирович 
801 1 |a RU  |b 63413507  |c 20050426  |g PSBO 
801 2 |a RU  |b 63413507  |c 20191119  |g PSBO 
942 |c BK